000 00689nam a22002177a 4500
003 UA-OsUOA
001 118643
007 ta
008 20160912b un ||||| |||| 00| 0 ukr d
100 _aШаблиста Л.М.
090 _a330(477)
_bШ13
942 _cSA
040 _aUA-OsUOA
_bukr
_cUA-OsUOA
_dUA-OsUOA
245 _aТенденції концентрації власного капіталу та механізми його зростання в реальному секторі економіки України
300 _aС.40-55
955 _a0
041 _aukr
080 _a330(477)
773 0 _w118641
650 7 _a330 Економіка взагалі
_2UDC
999 _c404730
_d404730